Феминизм. Восток. Запад. Россия: сборник статей; Идея "женской этики"; Феминизм и автономность; Равное уважение к неравным партнерам: различие полов и конституция субъектов морали; Феминистская эстетика и спектр пола; Образ женщины в религиозном сознании: прошлое, настоящее, будущее; Китайский сексизм: пропедевтика; Женская ипостась мира (Китай, Япония, Россия); Статус женщины в индуизме XIX-XX вв.; Отсутствующая личность; Женская эмансипация и теология пола в России XIX в.; Феминизм и постмодернизм; О "женской культуре"; Женщина и социализм; Феминистская ревизия философии: возможности и перспективы

Bibliografiske detaljer
Sprog:russisk
Udgivet: Москва, Наука, 1993
TOC:Дж. Гримшоу, Идея "женской этики";
Э. Дойч, Феминизм и автономность;
М. Э. Лима, Равное уважение к неравным партнерам: различие полов и конституция субъектов морали;
М. Морс, Феминистская эстетика и спектр пола;
М. Степанянц, Образ женщины в религиозном сознании: прошлое, настоящее, будущее;
Р. Т. Эймс, Д. Л. Холл, Китайский сексизм: пропедевтика;
Т. Григорьева, Женская ипостась мира (Китай, Япония, Россия);
О. Мезенцева, Статус женщины в индуизме XIX-XX вв.;
Руп Рекха Верма, Отсутствующая личность;
Л. Поляков, Женская эмансипация и теология пола в России XIX в.;
Т. Клименкова, Феминизм и постмодернизм;
С. Кайдаш, О "женской культуре";
О. Воронина, Женщина и социализм;
Н. Юлина, Феминистская ревизия философии: возможности и перспективы;
Fag:
Format: MixedMaterials Bog
KOHA link:https://koha.lib.tpu.ru/cgi-bin/koha/opac-detail.pl?biblionumber=18505

MARC

LEADER 00000nam0a2200000 4500
001 18505
005 20231030191314.0
010 |a 5020176680 
035 |a (RuTPU)RU\TPU\book\18655 
035 |a BOOK00000050 
090 |a 18505 
100 |a 20011209d1993 km y0rusy50 ca 
101 2 |a rus  |c eng  |c spa 
102 |a RU 
105 |a y z 000zy 
200 1 |a Феминизм. Восток. Запад. Россия  |e сборник статей 
210 |a Москва  |c Наука  |d 1993 
215 |a 240 с. 
464 |t Идея "женской этики"  |f Дж. Гримшоу 
464 |t Феминизм и автономность  |f Э. Дойч 
464 |t Равное уважение к неравным партнерам: различие полов и конституция субъектов морали  |f М. Э. Лима 
464 |t Феминистская эстетика и спектр пола  |f М. Морс 
464 |t Образ женщины в религиозном сознании: прошлое, настоящее, будущее  |f М. Степанянц 
464 |t Китайский сексизм: пропедевтика  |f Р. Т. Эймс, Д. Л. Холл 
464 |t Женская ипостась мира (Китай, Япония, Россия)  |f Т. Григорьева 
464 |t Статус женщины в индуизме XIX-XX вв.  |f О. Мезенцева 
464 |t Отсутствующая личность  |f Руп Рекха Верма 
464 |t Женская эмансипация и теология пола в России XIX в.  |f Л. Поляков 
464 |t Феминизм и постмодернизм  |f Т. Клименкова 
464 |t О "женской культуре"  |f С. Кайдаш 
464 |t Женщина и социализм  |o опыт феминистского анализа  |f О. Воронина 
464 |t Феминистская ревизия философии: возможности и перспективы  |f Н. Юлина 
610 1 |a политика 
610 1 |a женщины 
610 1 |a женское движение 
610 1 |a женский вопрос 
610 1 |a феминизм 
610 1 |a Восток 
610 1 |a Запад 
610 1 |a Россия 
686 |a Ф74(0)  |v LBC/SL-A  |2 rubbk 
801 0 |a RU  |b 63413507  |c 20011209  |g PSBO 
801 2 |a RU  |b 63413507  |c 20210616  |g PSBO 
942 |c BK